| 000 | 00877nam a2200301 i 4500 | ||
|---|---|---|---|
| 001 | 000015678 | ||
| 003 | DO-SdBNP | ||
| 005 | 20251013102715.0 | ||
| 007 | ta | ||
| 008 | 100217s1996 dr 000 0 spa d | ||
| 040 |
_aDO-SdBNP _bspa _cBNPHU _erda |
||
| 041 | _aspa | ||
| 049 | _aBNPD | ||
| 082 | 4 |
_axxx _bC758r _222 |
|
| 110 | 1 |
_aRepública Dominicana _9447 |
|
| 240 | 1 | 3 | _a[Leyes etc.] |
| 245 | 1 | 0 | _aConstitución de la República. |
| 264 | 1 |
_aSanto Domingo : _bONAP, _c1996. |
|
| 300 |
_a51 páginas ; _c21 cm. |
||
| 336 |
_atexto _btxt _2rdacontent |
||
| 337 |
_asin mediación _bn _2rdamedia |
||
| 338 |
_avolumen _bnc _2rdacarrier |
||
| 490 | 1 |
_aReforma de estado _v1 |
|
| 590 | _aInventariado, 2025/BT | ||
| 710 | 1 |
_aRepública Dominicana. _bOficina Nacional de Administración y Personal _926398 |
|
| 830 | 0 |
_aReforma del Estado _n1 _930193 |
|
| 942 |
_2ddc _cLBS1 |
||
| 999 |
_c15230 _d15230 |
||